| 000 | 00942cad a22002055a 4500 | ||
|---|---|---|---|
| 001 | L150136 | ||
| 008 | 100604s20100304xxk f 000 0 eng d | ||
| 035 | _a(Sirsi) u150136 | ||
| 041 | 0 | _aeng | |
| 050 | 0 | 4 | _a333.33 $2 18 |
| 110 | 2 |
_aLloyds Banking Group _95822 |
|
| 245 | 0 | 0 |
_aHalifax House Price Index _bFebruary 2010 _h[electronic resource] |
| 260 |
_aLondon _bLloydsbankinggroup _c2010 |
||
| 520 | _aUnited Kingdom house prices fell by 1.5% in February 2010, the first decrease since June 2009. Despite the fall, house prices in February were 4% higher than in February 2009 and are 8% higher than the low reach reached in April 2009. | ||
| 590 | _aKA | ||
| 651 | 4 |
_aUnited Kingdom _y |
|
| 690 | _aPROPERTY-RESIDENTIAL PROPERTY-RESIDENTIAL PROPERTY MARKET | ||
| 856 | 4 | 8 |
_uhttps://www.lloydsbankinggroup.com/media/pdfs/research/2010/HousePriceIndexFeb2010.pdf _zView this item free of charge at www.lloydsbankinggroup.com |
| 942 | _n0 | ||
| 999 |
_c110747 _d110747 |
||